| 000 -ლიდერი |
| ფიქსირებული სიგრძის საკონტროლო ველი |
01222nam a2200229Ia 4500 |
| 001 - საკონტროლო ნომერი |
| საკონტროლო ველი |
6937 |
| 003 - საკონტროლო ნომრის იდენტიფიკატორი |
| საკონტროლო ველი |
GE_BSU |
| 005 - ბოლო ოპერაციის თარიღი და დრო |
| საკონტროლო ველი |
20200206173044.0 |
| 008 - ფიქსირებული სიგრძის მონაცემთა ელემენტები - ზოგადი ინფორმაცია |
| ფიქსირებული სიგრძის საკონტროლო ველი |
181216s1476||||ge |||||||||||||| ||geo|| |
| 040 ## - კატალოგიზაციის წყარო |
| Transcribing agency |
GE_BSU |
| 041 ## - ენის კოდი |
| Language code of text/sound track or separate title |
geo |
| 080 ## - უნივერსალური ათობითი კლასიფიკაციის ინდექსი |
| Universal Decimal Classification number |
821.353.1-4+311.101.386.1(479.22) გ-94 |
| 100 ## - მთავარი ჩანაწერი - პიროვნების სახელი |
| Personal name |
გულუა, შ. |
| 9 (RLIN) |
6851 |
| 245 ## - ცნობა სათაურის შესახებ |
| Title |
ნოვატორი აახლოებს მომავალს : |
| Remainder of title |
ნარკვევები რესპუბლიკის მოწინავე ადამიანებზე / |
| Statement of responsibility, etc |
შ. გულუა ; რედ. ა. არობელიძე ; მხატვ. ზ. აფანასიევი. |
| 264 ## - წარმოების, გამოცემის, დისტრიბუციის და სხვა ცნობები |
| გამოცემის, წარმოების, დისტრიბუციის... ადგილი |
თბილისი : |
| გამოცემის, წარმოების, დისტრიბუციის... სახელწოდება |
საბჭ.საქართველო, |
| გამოცემის, წარმოების, დისტრიბუციის... თარიღი |
1976. |
| 300 ## - ფიზიკური აღწერა |
| Extent |
138 გვ. ; |
| Dimensions |
20 სმ. |
| 653 ## - INDEX TERM--UNCONTROLLED |
| Uncontrolled term |
ნარკვევები რესპუბლიკის მოწინავე ადამიანებზე |
| 653 ## - INDEX TERM--UNCONTROLLED |
| Uncontrolled term |
ნოვატორი აახლოებს მომავალს |
| 700 ## - ADDED ENTRY--PERSONAL NAME |
| Personal name |
არობელიძე, ა. |
| Relator term |
რედაქტორი |
| 9 (RLIN) |
6852 |
| 700 ## - ADDED ENTRY--PERSONAL NAME |
| Personal name |
აფანასიევი,ზ. |
| Relator term |
მხატვარი |
| 9 (RLIN) |
6853 |
| 942 ## - ADDED ENTRY ELEMENTS (KOHA) |
| Koha item type |
წიგნი |
| Source of classification or shelving scheme |
|